1105 1077 1388 1653 1935 1635 1459 1178 1288 1954 1973 1419 1094 1418 1039 1904 1768 1519 1388 1748 1162 1864 1023 1313 1986 1897 1822 1864 1896 1278 1726 1079 1163 1650 1770 1874 1781 1554 1780 1116 1133 1725 1328 1871 1869 1159 1331 1087 1838 1045 1135 1541 1656 1720 1962 1201 1850 1049 1514 1402 1068 1977 1802 1894 1802 1247 1858 1853 1883 1950 1409 1938 1076 1436 1908 1973 1401 1375 1013 1842 1207 1753 1877 1578 1177 1603 1678 1845 1528 1344 1119 1411 1266 1723 1056 1096 1653 1328 1454 BCNSPRNW ULIB Ver.6.0+V

เปลี่ยนเป็นภาษาไทย

Change to English
 แสดงรายละเอียดบรรณานุกรม
  กลับหน้าหลัก

Brief Record : Get Marc (ISO 2709) : E-mail record : QR code < ปิดหน้าต่าง
LEADER : 00000nam 2200000uu 4500
001    13399120145
003     ULIB
008    120905s2553||||th 000 0 tha d
020    ^a9789744659408
060 04 ^aWY100^bอ695ค
100 0  ^aอภิญญา เพียรพิจารณ์
245 10 ^aคู่มือปฏิบัติการพยาบาล ^nเล่ม 1 /^cอภิญญา เพียรพิจารณ์
250    ^aพิมพ์ครั้งที่ 4
260    ^aนนทบุรี :^bโครงการสวัสดิการวิชาการ สถาบันพระบรมราชชนก,^c2553
300    ^a195 หน้า :^bภาพประกอบ
504    ^aมีบรรณานุกรมและดัชนี
650  7 ^aการพยาบาล^vคู่มือ
710 2  ^aสถาบันพระบรมราชชนก. ^bโครงการสวัสดิการวิชาการ
945    ^p250^l0^i032691
945    ^p250^l0^i032692
945    ^p250^l0^i032693
945    ^p250^l0^i032694
945    ^p250^l0^i032695
995    ^aทศพร
999    ^aทศพร
รายการนี้ยังไม่มีแท็ก
คุณยังไม่ได้ล็อกอิน คุณสามารถมีกิจกรรมร่วมกับเว็บไซต์ได้ แต่ต้องล็อกอินก่อน ::
  ล็อกอิน

รายการสื่อสารสนเทศ

ลำดับที่ ประเภท เลขเรียก/บาร์โค้ด สถานที่ สถานะ
1. วิทยาศาสตร์การแพทย์ และสุขภาพ
หนังสือสำรอง
สถานะ=หนังสือสำรอง
WY100 อ695ค ฉ.1 
  Barcode: 032691
ห้องสมุดวิทยาเขตสวรรค์ประชารักษ์
►ส่วนจัดเก็บหนังสือเก่า สปร
บนชั้น
  ขอยืม
2. วิทยาศาสตร์การแพทย์ และสุขภาพ
วิทยาศาสตร์การแพทย์ และสุขภาพ
WY100 อ695ค ฉ.4 
  Barcode: 032694
ห้องสมุดวิทยาเขตสวรรค์ประชารักษ์
►ส่วนจัดเก็บหนังสือเก่า สปร
บนชั้น
  ขอยืม
3. วิทยาศาสตร์การแพทย์ และสุขภาพ
วิทยาศาสตร์การแพทย์ และสุขภาพ
WY100 อ695ค ฉ.5 
  Barcode: 032695
ห้องสมุดวิทยาเขตสวรรค์ประชารักษ์
►ส่วนจัดเก็บหนังสือเก่า สปร
บนชั้น
  ขอยืม

รายการใกล้เคียง
    ผู้แต่ง [อภิญญา เพียรพิจารณ์]

BibComment


ยังไม่เคยถูกคอมเมนท์

คอมเมนท์ทรัพยากรรายการนี้
  คอมเมนท์: คู่มือปฏิบัติการ..


 Copyright 2026. Bcnsprnw @Library